00995 a2200193 45000010006000000050017000060080041000230030015000640400040000790800046001192450076001652640035002413000019002765050433002950410008007281000018007367000022007547000025007765434320260407155815.0260407a1967 arg spa dAR-UNSa-BCEJYS aAR-UNSa-BCEJYSbspacAR-UNSa-BCEJYS a330(73)xEconomía de los Estados Unidos10aTres sectores de la economíapmercantil, no lucrativa y gubernamental 1aMéxico :bLimusa-Wileyc1967 a256 p.c19 cm. a1. Un modelo práctico - 2. Los tres sectores - 3. Variedades de empresas gubernamentales - 4. Actividades económicas de las instituciones no lucrativas - 5. Escala y extensión del sector no lucrativo - 6. Tendencias del empleo en el sector no lucrativo - 7. Contrataciones de la defensa: aeronáutica y espacio - 8. Expansión de las empresas no lucrativas: La industria de los servicios de sanidad - 9. Empresa y empleo aspa1 aGinzberg, Eli1 aHiestand, Dale L.1 aReubens, Beatrice G.